| 000 | 00920nam a22002655a 4500 | ||
|---|---|---|---|
| 005 | 20161117124546.0 | ||
| 008 | 161024t2015 njua frbd 001 0 eng d | ||
| 020 | _a9781118997543 | ||
| 040 |
_aEG-ScBUE _beng _cEG-ScBUE _dEG-ScBUE |
||
| 082 | 0 | 4 |
_222 _a658.16 _bGAU |
| 100 | 1 | _aGaughan, Patrick A. | |
| 245 | 1 | 0 |
_aMergers, Acquisitions, and Corporate Restructurings / _cPatrick A. Gaughan |
| 250 | _a6th ed. | ||
| 260 |
_aHoboken : _bJohn Wiley & Sons, Inc., _cc.2015. |
||
| 300 |
_aaxii, 670 p. : _bill. ; _c25 cm. |
||
| 490 | 0 | _aWiley Corporate F&A | |
| 500 | _aIndex : p. 633-670. | ||
| 500 | _aGlossary : p. 623-632. | ||
| 504 | _aIncludes bibliographical references. | ||
| 590 | _aSuzan Ashmawy and revised by Rahma Essa. | ||
| 650 | 7 |
_2BUEsh _aCorporate reorganizations. |
|
| 653 |
_bBUSECO _cOctober2016 _cNovember2016 |
||
| 650 | 7 |
_936487 _aConsolidation and merger of corporations _2BUEsh |
|
| 942 | _2ddc | ||
| 999 |
_c22821 _d22793 |
||